ბათუმის შოთა რუსთაველის სახელმწიფო უნივერსიტეტის ბიბლიოთეკა

ჩანაწერი Personal Name

ჩანაწერთა რაოდენობა, რომელიც გამოყენებულია: 1

001 - CONTROL NUMBER

  • control field: 15864

003 - CONTROL NUMBER IDENTIFIER

  • control field: GE_BSU

005 - DATE AND TIME OF LATEST TRANSACTION

  • control field: 20221116155633.0

008 - FIXED-LENGTH DATA ELEMENTS

  • fixed length control field: 221116|| aca||aabn | a|a d

040 ## - CATALOGING SOURCE

  • Original cataloging agency: GE_BSU
  • Transcribing agency: GE_BSU

100 ## - HEADING--PERSONAL NAME

  • Personal name: გიგაური, რამაზ(ლაქშმი რავი რამანანდა)

670 ## - SOURCE DATA FOUND

  • Source citation: Work cat.: (GE_BSU)55060: გიგაური, რამაზ(ლაქშმი რავი რამანანდა), წარმატების 365 გასაღები :